Three screenplays / (Record no. 32301)
[ view plain ]
| 000 -LEADER | |
|---|---|
| fixed length control field | 01055cam a2200277 a 4500 |
| 001 - CONTROL NUMBER | |
| control field | vtls003018747 |
| 003 - CONTROL NUMBER IDENTIFIER | |
| control field | MY-SjTCS |
| 005 - DATE AND TIME OF LATEST TRANSACTION | |
| control field | 20200306154737.0 |
| 008 - FIXED-LENGTH DATA ELEMENTS--GENERAL INFORMATION | |
| fixed length control field | 110218s2003 mdu b 000 0 eng |
| 020 ## - INTERNATIONAL STANDARD BOOK NUMBER | |
| International Standard Book Number | 0801872014 (hbk) |
| 039 #9 - LEVEL OF BIBLIOGRAPHIC CONTROL AND CODING DETAIL [OBSOLETE] | |
| Level of rules in bibliographic description | 201905231058 |
| Level of effort used to assign nonsubject heading access points | shuhada |
| Level of effort used to assign subject headings | 201102181733 |
| Level of effort used to assign classification | VLOAD |
| Level of effort used to assign subject headings | 200811241801 |
| Level of effort used to assign classification | VLOAD |
| -- | 200409281713 |
| -- | patrick |
| 043 ## - GEOGRAPHIC AREA CODE | |
| Geographic area code | n-us-ny |
| 082 04 - DEWEY DECIMAL CLASSIFICATION NUMBER | |
| Classification number | 791.4375 |
| Item number | DOC |
| 100 1# - MAIN ENTRY--PERSONAL NAME | |
| Personal name | Doctorow, E. L., |
| Dates associated with a name | 1931- |
| 9 (RLIN) | 17735 |
| 240 10 - UNIFORM TITLE | |
| Uniform title | Screenplays. |
| Form subheading | Selections |
| 245 10 - TITLE STATEMENT | |
| Title | Three screenplays / |
| Statement of responsibility, etc. | E.L. Doctorow, with a preface by the author ; introduction, commentaries, and interviews by Paul Levine. |
| 260 ## - PUBLICATION, DISTRIBUTION, ETC. | |
| Place of publication, distribution, etc. | Baltimore, Md. : |
| Name of publisher, distributor, etc. | Johns Hopkins University Press, |
| Date of publication, distribution, etc. | c2003. |
| 300 ## - PHYSICAL DESCRIPTION | |
| Extent | ix, 464 p. ; |
| Dimensions | 25 cm. |
| 504 ## - BIBLIOGRAPHY, ETC. NOTE | |
| Bibliography, etc. note | Includes bibliographical references. |
| 650 #0 - SUBJECT ADDED ENTRY--TOPICAL TERM | |
| Topical term or geographic name entry element | Motion picture plays. |
| 9 (RLIN) | 87762 |
| 650 #0 - SUBJECT ADDED ENTRY--TOPICAL TERM | |
| Topical term or geographic name entry element | Trials (Espionage) |
| Form subdivision | Drama. |
| 9 (RLIN) | 216307 |
| 650 #0 - SUBJECT ADDED ENTRY--TOPICAL TERM | |
| Topical term or geographic name entry element | Adirondack Mountains (N.Y.) |
| Form subdivision | Drama. |
| 9 (RLIN) | 216308 |
| 651 #0 - SUBJECT ADDED ENTRY--GEOGRAPHIC NAME | |
| Geographic name | New York (State) |
| General subdivision | History |
| Chronological subdivision | 1865- |
| Form subdivision | Drama. |
| 9 (RLIN) | 216309 |
| 700 1# - ADDED ENTRY--PERSONAL NAME | |
| Personal name | Levine, Paul. |
| 9 (RLIN) | 216310 |
| 920 ## - Programme | |
| Programme | ADP : 96589 |
| Withdrawn status | Lost status | Source of classification or shelving scheme | Damaged status | Not for loan | Collection code | Home library | Current library | Date acquired | Total Checkouts | Barcode | Date last seen | Date last checked out | Copy number | Koha item type | Public note |
|---|---|---|---|---|---|---|---|---|---|---|---|---|---|---|---|
| Withdrawn | Dewey Decimal Classification | Please fill up online form at https://taylorslibrary.taylors.edu.my/services/external_storage1 | Taylor's Library-TU | TU External Storage-LCS | 08/10/2004 | 1000507440 | 05/12/2019 | 08/10/2004 | 1 | Main Collection | SLASx,05000,03,CL |